<?xml version="1.0" encoding="UTF-8"?>
<record
    xmlns:xsi="http://www.w3.org/2001/XMLSchema-instance"
    xsi:schemaLocation="http://www.loc.gov/MARC21/slim http://www.loc.gov/standards/marcxml/schema/MARC21slim.xsd"
    xmlns="http://www.loc.gov/MARC21/slim">

  <leader>00468nam a22001337a 4500</leader>
  <controlfield tag="003">LRUA</controlfield>
  <controlfield tag="005">20230208102006.0</controlfield>
  <controlfield tag="008">230208b        xxu||||| |||| 00| 0 eng d</controlfield>
  <datafield tag="040" ind1=" " ind2=" ">
    <subfield code="c">RUA</subfield>
  </datafield>
  <datafield tag="082" ind1=" " ind2=" ">
    <subfield code="2">DAN GRA 2015 C001 Or.</subfield>
  </datafield>
  <datafield tag="245" ind1=" " ind2=" ">
    <subfield code="a">&#x179F;&#x17C0;&#x179C;&#x1797;&#x17C5;&#x1780;&#x179F;&#x17B7;&#x1780;&#x179A;&#x1780;&#x1798;&#x17D2;&#x179A;&#x1784;&#x1794;&#x1785;&#x17D2;&#x1785;&#x17C1;&#x1780;&#x1791;&#x17C1;&#x179F;&#x1780;&#x179F;&#x17B7;&#x1780;&#x1798;&#x17D2;&#x1798;&#x179B;&#x17D2;&#x17A2;&#x17D7;&#x1792;&#x1793;&#x17CB;&#x1793;&#x17B9;&#x1784;&#x17A2;&#x17B6;&#x1780;&#x17B6;&#x179F;&#x1792;&#x17B6;&#x178F;&#x17BB;&#x1794;&#x17D2;&#x179A;&#x17C2;&#x1794;&#x17D2;&#x179A;&#x17BD;&#x179B;</subfield>
  </datafield>
  <datafield tag="260" ind1=" " ind2=" ">
    <subfield code="a">Phnom Penh</subfield>
    <subfield code="b">RUA</subfield>
    <subfield code="c">2015</subfield>
  </datafield>
  <datafield tag="942" ind1=" " ind2=" ">
    <subfield code="2">ddc</subfield>
    <subfield code="c">KB</subfield>
  </datafield>
  <datafield tag="999" ind1=" " ind2=" ">
    <subfield code="c">21106</subfield>
    <subfield code="d">21106</subfield>
  </datafield>
  <datafield tag="952" ind1=" " ind2=" ">
    <subfield code="0">0</subfield>
    <subfield code="1">0</subfield>
    <subfield code="2">ddc</subfield>
    <subfield code="4">0</subfield>
    <subfield code="6">DAN_GRA_2015_000000000000000_C001_OR</subfield>
    <subfield code="7">0</subfield>
    <subfield code="9">92908</subfield>
    <subfield code="a">LBC</subfield>
    <subfield code="b">LBC</subfield>
    <subfield code="c">C001</subfield>
    <subfield code="d">2023-02-08</subfield>
    <subfield code="o">DAN GRA 2015 C001 Or.</subfield>
    <subfield code="p">a071098</subfield>
    <subfield code="r">2023-02-08</subfield>
    <subfield code="w">2023-02-08</subfield>
    <subfield code="y">KB</subfield>
  </datafield>
  <datafield tag="952" ind1=" " ind2=" ">
    <subfield code="0">0</subfield>
    <subfield code="1">0</subfield>
    <subfield code="2">ddc</subfield>
    <subfield code="4">0</subfield>
    <subfield code="6">DAN_GRA_2015_000000000000000_C001_OR</subfield>
    <subfield code="7">0</subfield>
    <subfield code="9">92909</subfield>
    <subfield code="a">LBC</subfield>
    <subfield code="b">LBC</subfield>
    <subfield code="c">C001</subfield>
    <subfield code="d">2023-02-08</subfield>
    <subfield code="o">DAN GRA 2015 C001 Or.</subfield>
    <subfield code="p">a071086</subfield>
    <subfield code="r">2023-02-08</subfield>
    <subfield code="w">2023-02-08</subfield>
    <subfield code="y">KB</subfield>
  </datafield>
  <datafield tag="952" ind1=" " ind2=" ">
    <subfield code="0">0</subfield>
    <subfield code="1">0</subfield>
    <subfield code="2">ddc</subfield>
    <subfield code="4">0</subfield>
    <subfield code="6">DAN_GRA_2015_000000000000000_C001_OR</subfield>
    <subfield code="7">0</subfield>
    <subfield code="9">92910</subfield>
    <subfield code="a">LBC</subfield>
    <subfield code="b">LBC</subfield>
    <subfield code="c">C001</subfield>
    <subfield code="d">2023-02-08</subfield>
    <subfield code="o">DAN GRA 2015 C001 Or.</subfield>
    <subfield code="p">a071078</subfield>
    <subfield code="r">2023-02-08</subfield>
    <subfield code="w">2023-02-08</subfield>
    <subfield code="y">KB</subfield>
  </datafield>
  <datafield tag="952" ind1=" " ind2=" ">
    <subfield code="0">0</subfield>
    <subfield code="1">0</subfield>
    <subfield code="2">ddc</subfield>
    <subfield code="4">0</subfield>
    <subfield code="6">DAN_GRA_2015_000000000000000_C001_OR</subfield>
    <subfield code="7">0</subfield>
    <subfield code="9">92911</subfield>
    <subfield code="a">LBC</subfield>
    <subfield code="b">LBC</subfield>
    <subfield code="c">C001</subfield>
    <subfield code="d">2023-02-08</subfield>
    <subfield code="o">DAN GRA 2015 C001 Or.</subfield>
    <subfield code="p">a071175</subfield>
    <subfield code="r">2023-02-08</subfield>
    <subfield code="w">2023-02-08</subfield>
    <subfield code="y">KB</subfield>
  </datafield>
  <datafield tag="952" ind1=" " ind2=" ">
    <subfield code="0">0</subfield>
    <subfield code="1">0</subfield>
    <subfield code="2">ddc</subfield>
    <subfield code="4">0</subfield>
    <subfield code="6">DAN_GRA_2015_000000000000000_C001_OR</subfield>
    <subfield code="7">0</subfield>
    <subfield code="9">92912</subfield>
    <subfield code="a">LBC</subfield>
    <subfield code="b">LBC</subfield>
    <subfield code="c">C001</subfield>
    <subfield code="d">2023-02-08</subfield>
    <subfield code="o">DAN GRA 2015 C001 Or.</subfield>
    <subfield code="p">a071159</subfield>
    <subfield code="r">2023-02-08</subfield>
    <subfield code="w">2023-02-08</subfield>
    <subfield code="y">KB</subfield>
  </datafield>
  <datafield tag="952" ind1=" " ind2=" ">
    <subfield code="0">0</subfield>
    <subfield code="1">0</subfield>
    <subfield code="2">ddc</subfield>
    <subfield code="4">0</subfield>
    <subfield code="6">DAN_GRA_2015_000000000000000_C001_OR</subfield>
    <subfield code="7">0</subfield>
    <subfield code="9">92913</subfield>
    <subfield code="a">LBC</subfield>
    <subfield code="b">LBC</subfield>
    <subfield code="c">C001</subfield>
    <subfield code="d">2023-02-08</subfield>
    <subfield code="o">DAN GRA 2015 C001 Or.</subfield>
    <subfield code="p">a071151</subfield>
    <subfield code="r">2023-02-08</subfield>
    <subfield code="w">2023-02-08</subfield>
    <subfield code="y">KB</subfield>
  </datafield>
  <datafield tag="952" ind1=" " ind2=" ">
    <subfield code="0">0</subfield>
    <subfield code="1">0</subfield>
    <subfield code="2">ddc</subfield>
    <subfield code="4">0</subfield>
    <subfield code="6">DAN_GRA_2015_000000000000000_C001_OR</subfield>
    <subfield code="7">0</subfield>
    <subfield code="9">92914</subfield>
    <subfield code="a">LBC</subfield>
    <subfield code="b">LBC</subfield>
    <subfield code="c">C001</subfield>
    <subfield code="d">2023-02-08</subfield>
    <subfield code="o">DAN GRA 2015 C001 Or.</subfield>
    <subfield code="p">a071127</subfield>
    <subfield code="r">2023-02-08</subfield>
    <subfield code="w">2023-02-08</subfield>
    <subfield code="y">KB</subfield>
  </datafield>
  <datafield tag="952" ind1=" " ind2=" ">
    <subfield code="0">0</subfield>
    <subfield code="1">0</subfield>
    <subfield code="2">ddc</subfield>
    <subfield code="4">0</subfield>
    <subfield code="6">DAN_GRA_2015_000000000000000_C001_OR</subfield>
    <subfield code="7">0</subfield>
    <subfield code="9">92915</subfield>
    <subfield code="a">LBC</subfield>
    <subfield code="b">LBC</subfield>
    <subfield code="c">C001</subfield>
    <subfield code="d">2023-02-08</subfield>
    <subfield code="o">DAN GRA 2015 C001 Or.</subfield>
    <subfield code="p">a071135</subfield>
    <subfield code="r">2023-02-08</subfield>
    <subfield code="w">2023-02-08</subfield>
    <subfield code="y">KB</subfield>
  </datafield>
</record>
